00325nam a2200109Ia 4500008004100000082000800041100001500049245003700064942000600101952009300107999001500200240331s9999 xx 000 0 und d bVIE aVien, N.K  0aGlimpses of vetnamese literature cL 001040708LaWERCLbWERCLcSSCd2024-03-31l0o 895 VIEp29r2024-03-31w2024-03-31yL c3389d3389